|
|
|
|
| LEADER |
00752nam a22002297a 4500 |
| 001 |
AAL5272 |
| 003 |
BD-DhAAL |
| 005 |
20151231231630.0 |
| 008 |
151231s 2004ii ||||| |||| 00| 0 eng d |
| 020 |
|
|
|a 8129103729
|
| 040 |
|
|
|a BD-DhAAL
|c BD-DhAAL
|
| 082 |
|
|
|a 374/.9714
|
| 100 |
|
|
|a Agarwal, Mridula
|9 17127
|
| 245 |
|
|
|a The 10 rules of happiness /
|c Mridula Agarwal
|
| 260 |
|
|
|a New Delhi :
|b Rupa & Co.,
|c 2006.
|
| 300 |
|
|
|a 124 pages ;
|c 20 cm.
|
| 541 |
|
|
|e 5272
|
| 650 |
|
|
|a Self-culture.
|9 17128
|
| 650 |
|
|
|a Happiness.
|9 17129
|
| 942 |
|
|
|2 ddc
|c BK
|
| 999 |
|
|
|c 36527
|d 36527
|
| 952 |
|
|
|0 0
|1 0
|2 ddc
|4 0
|6 374_000000000000000__9714_AGA
|7 0
|9 57474
|a SCL
|b SCL
|c GEN
|d 2015-12-31
|g 267.00
|l 8
|m 26
|o 374.9714 AGA
|p 3020005272
|r 2026-05-06
|s 2026-04-28
|t 1
|w 2015-12-31
|y BK
|